Biggest African Cities by Letter - B - Statistics

General Stats
  • This quiz has been taken 436 times
    342 since last reset
  • The average score is 9 of 15
Answer Stats
Pop Country Hint City % Correct
4,227,569 Mali Salif Keita Bamako
98%
1,373,382 ROC Twin City Brazzaville
96%
464,591 South Africa Judicial Capital Bloemfontein
90%
650,629 Libya 2012 Attack Benghazi
83%
812,407 CAR Ubangi River Bangui
81%
497,166 Burundi Former capital Bujumbura
74%
1,680,000 Nigeria _____ Bronzes Benin City
66%
871,800 Malawi Financial Hub Blantyre
47%
555,124 Angola _______ Railway Benguela
44%
665,940 Zimbabwe Matabeleland Bulawayo
42%
904,920 Burkina Faso Trade City Bobo-Dioulasso
39%
592,090 Mozambique Port of _____ Beira
33%
1,012,053 DRC Lake Kivu Bukavu
33%
536,719 Ivory Coast UN Peacekeepers Bouake
26%
530,000 Nigeria Fulani People Bauchi
11%
No matching quizzes found
Score Distribution
Percent of People with Each Score
Percentile by Number Answered
Your Score History
You have not taken this quiz since the last reset